LEADER 00622nam a2200169 i 4500 001 000000243732 003 CaOOAMICUS 005 20150720000000.0 008 150720s1852 it u000 u ita u 013 $a222637 040 $aSeMil$bita 245 10$aParte 2. 300 $a231 p. 773 0 $aMarovich, Anna Maria <1815-1887>$tLettere morali di una pia giovane.$dVenezia : Tipografia Emiliana, 1852.$b2. ed. coll'aggiunta di cento lettere inedite.$g2$w()32229 850 $aSeMil 852 $aSeMil$W1$xVenegono$y1$m3F IV 177 FA$j194078$B194078$CSeMilBibl$Z2$F204695 $8I 996 $6245$aParte 2$9(OLS)http://semarc/title/108333 LEADER 01066nam a2200229 i 4500 001 000000148742 003 CaOOAMICUS 005 20060314000000.0 008 060314s1985 it u000 u ita u 013 $a126060 040 $aSeMil$bita 100 1 $aBasso, Michele,$d<1978- >.$0(OLS)http://semarc/name/50409 245 13$aLa nicchia dei palli sulla tomba di San Pietro in Vaticano /$cMichele Basso. 260 $a[Cittą del Vaticano] :$bTipografia Poliglotta Vaticana,$c1985. 300 $a30 p. :$bill. ;$c21 cm. 500 $aSul front. : Firma autografa dell'Autore. 650 4$aCittą del Vaticano - Chiese - Basilica di San Pietro in Vaticano - Nicchia dei Palli.$0(OLS)http://semarc/subject/29034 850 $aSeMil 852 $aSeMil$W1$xVenegono$y1$m5A IV 1/21$j239363$B101099$CSeMilBibl$Z2$F110537 $81 961 $aOmaggio: Altro 996 $6245$aLa nicchia dei palli sulla tomba di San Pietro in Vaticano$9(OLS)http://semarc/title/217400 996 $6260$a[Cittą del Vaticano] :$bTipografia Poliglotta Vaticana$9(OLS)http://semarc/publisher/32047